| 000 | 01257nam a22003617a 4500 | ||
|---|---|---|---|
| 001 | BR8105531 | ||
| 003 | BR-BrBNA | ||
| 005 | 20230928091038.0 | ||
| 007 | ta | ||
| 008 | 230509b bl.||||| |||| 00| 0 por d | ||
| 040 |
_aBR-BrBNA _bpor _cBiblioteca Nacional de Agricultura |
||
| 041 | _a(Por) | ||
| 072 |
_aA50; F00 _b0150 _b0230 _b1410 _b0120 _b2320 |
||
| 090 | _ 0150 BR8105531 | ||
| 110 | 1 |
_aUnidade de Execucao de Pesquisa de Ambito Estadual de Altamira, PA (Brasil) _910343 |
|
| 245 | 1 | _aRelatorio tecnico anual da Unidade de Execucao de Pesquisa de Ambito Estadual de Altamira 1980 [Arroz; Oryza sativa; Cana de acucar; Saccharum officinarum, Feijao; Phaseolus vulgaris; Milho; Zea mays; Pimenta do Reino; Piper nigrum; Instituicao de pesquisa; Programa de pesquisa; Para; Brasil] | |
| 260 | 3 |
_aAltamira, PA (Brasil): _c1981. |
|
| 300 | _a40 p. | ||
| 500 | _a11 tables | ||
| 650 | _aPESQUISA | ||
| 650 | _aPRODUCAO VEGETAL | ||
| 650 | _aARROZ | ||
| 650 | _aCANA DE ACUCAR | ||
| 650 | _aFEIJAO | ||
| 650 | _aMILHO | ||
| 650 | _aPIMENTA DO REINO | ||
| 650 | _aPROJETO DE PESQUISA | ||
| 650 | _aPROGRAMA DE PESQUISA | ||
| 650 | _aINSTITUICAO DE PESQUISA | ||
| 650 | _aPARA | ||
| 909 |
_a202309 _bLucia _c55 _dLucia Elande |
||
| 942 | _cBK | ||
| 999 |
_c31936 _d31936 |
||